000 00304nam a22001337a 4500
008 171031b xxu||||| |||| 00| 0 eng d
020 _a9780558732035
041 _aeng
080 _a33
100 _a58
101 _aBUS
245 _aPEARSDON CUSTOM BUSSINESS RESOURCE
_cOLIVER.J.M
942 _2udc
_cBK
999 _c36723
_d36723